LAURA INGRAHAM (Record no. 209970)

MARC details
000 -LEADER
fixed length control field 00426nam a22001457a 4500
008 - FIXED-LENGTH DATA ELEMENTS--GENERAL INFORMATION
fixed length control field 240425b |||||||| |||| 00| 0 eng d
020 ## - INTERNATIONAL STANDARD BOOK NUMBER
International Standard Book Number 9781596985162
050 ## - LIBRARY OF CONGRESS CALL NUMBER
Classification number HN 65 .I64 2007
Item number C.1
100 ## - MAIN ENTRY--PERSONAL NAME
Personal name INGRAHAM LAURA.
245 ## - TITLE STATEMENT
Title LAURA INGRAHAM
Remainder of title POWER TO THE PEOPLE
260 ## - PUBLICATION, DISTRIBUTION, ETC.
Place of publication, distribution, etc. US
Name of publisher, distributor, etc. REGNERY PUBLISHING, INC
Date of publication, distribution, etc. 2007
300 ## - PHYSICAL DESCRIPTION
Extent VIII: 372P.
500 ## - GENERAL NOTE
General note INCLUDES BIBLIOGRAPHICAL REFERENCES AND INDEX
942 ## - ADDED ENTRY ELEMENTS (KOHA)
Source of classification or shelving scheme Library of Congress Classification
Koha item type Long Loan Book
Holdings
Withdrawn status Lost status Source of classification or shelving scheme Damaged status Not for loan Collection Home library Current library Shelving location Date acquired Inventory number Total checkouts Full call number Barcode Date last seen Copy number Price effective from Koha item type
    Library of Congress Classification     Fiction & Motivational Kisii University Library Kisii University Library On Display 04/25/2024 35088   HN 65 .I64 2007 000000007292 04/25/2024 C.1 04/25/2024 Long Loan Book